Football joueur de l'équipe de France par image - Statistiques

Statistiques générales
  • Ce quiz a été pris 129 fois
  • Le résultat moyen est 14 sur 16
Statistiques - réponses
Par images Réponse % Correct
Mbappe
99%
Kante
97%
Lucas Hernandez
97%
Dembelé
96%
Rabiot
92%
Camavinga
91%
Tchouameni
91%
Kounde
90%
Maignan
90%
Théo Hernandez
90%
Thuram
90%
Upamecano
86%
Coman
85%
Kolo muani
85%
Saliba
85%
Konaté
77%
Aucun quiz correspondant
Distribution des résultats
% des personnes avec chaque résultat
Percentile par nombre de réponses
Votre historique - résultats
Vous n’avez pas pris ce quiz